Sanctorum conciliorum et decretorum collectio nova seu collectionis conciliorum. A PP. Philippo Labbeo, & Gabriele cossartio Soc. Jesu presbyteris. Primum vulgatae, dein emendatioris, et amplioris opera Nicolai Coleti sacerdotis. Venetiis recusae supplementum, in quo additamenta, variantes lectiones, emendationes ad concilia Veneto-Labbeana; nova itidem concilia, ac decreta permulta exhibentur. Omnia ex editis & M. SS. codicibus undique quaesitis Graecis latinisque, collegit, digessit, additisque praefationibus, notis, dissertationibus historicis, criticis, chronologicis, dogmaticis illustravit Joannes Dominicus Mansi Lucencis clericus regularis congregationis Matris Dei; tomus quartus ab anno MCCCCXV ad annum MCCCCXXXVII; Lucae MDCCL. Ex Typographia Josephi Salani, & Vincentii Junctinii. Superiorum Facultate

Wedi'i Gadw mewn:
Manylion Llyfryddiaeth
Prif Awdur: Mansi, Juan Domingo (autor)
Fformat: Llyfr
Iaith:Lladin
Cyhoeddwyd: Lugo Tipografía Jose Salani 1750
Rhifyn:1a. ed
Pynciau:
Tagiau: Ychwanegu Tag
Dim Tagiau, Byddwch y cyntaf i dagio'r cofnod hwn!

MARC

LEADER 00000nam a2200000 a 4500
001 UCJ8574
003 CL-VaPUC
008 070124e17500000SP |||||||||||||||||lat|d
082 0 4 |a 262  |b MAN  |2 21 
100 |a Mansi, Juan Domingo  |e autor  |9 517407 
245 1 0 |a Sanctorum conciliorum et decretorum collectio nova seu collectionis conciliorum. A PP. Philippo Labbeo, & Gabriele cossartio Soc. Jesu presbyteris. Primum vulgatae, dein emendatioris, et amplioris opera Nicolai Coleti sacerdotis. Venetiis recusae supplementum, in quo additamenta, variantes lectiones, emendationes ad concilia Veneto-Labbeana; nova itidem concilia, ac decreta permulta exhibentur. Omnia ex editis & M. SS. codicibus undique quaesitis Graecis latinisque, collegit, digessit, additisque praefationibus, notis, dissertationibus historicis, criticis, chronologicis, dogmaticis illustravit Joannes Dominicus Mansi Lucencis clericus regularis congregationis Matris Dei; tomus quartus ab anno MCCCCXV ad annum MCCCCXXXVII; Lucae MDCCL. Ex Typographia Josephi Salani, & Vincentii Junctinii. Superiorum Facultate 
250 |a 1a. ed 
300 |a 1439 p 
942 |c BK 
945 |d 20070124 00:00:00  |a rinostro 
260 |a Lugo  |b Tipografía Jose Salani  |c 1750 
500 |a Fol.- Perg.- Anteport.- v. en bl.- Port.- v. en b.- Syllabus.- Apostillado.- Ex libris del Colegio del Salvador, Buenos Aires. Formato .40x.28 m 
650 0 |a Documentos pontificios   |9 255642 
650 0 |a Concilios  |9 315984 
650 7 |a LIBRO RARO  |2 CL-VaPUC  |9 504169 
650 7 |a EX LIBRIS  |2 CL-VaPUC  |9 505186 
583 |a last modification  |c 20070124 00:00:00  |k Rodrigo Vera 
999 |c 324246  |d 324244 
952 |0 0  |1 0  |4 0  |6 262_000000000000000_MAN_1750  |7 0  |8 X  |9 404221  |a FDOBUD  |b FDOBUD  |d 2019-11-22  |h v.4  |i 1079778  |o 262 MAN 1750  |p 1079778  |r 2019-11-22  |w 2019-11-22  |y BK_X  |k BUD